<?xml version="1.0" encoding="UTF-8"?>
<record
    xmlns:xsi="http://www.w3.org/2001/XMLSchema-instance"
    xsi:schemaLocation="http://www.loc.gov/MARC21/slim http://www.loc.gov/standards/marcxml/schema/MARC21slim.xsd"
    xmlns="http://www.loc.gov/MARC21/slim">

  <leader>04278cam a22004574i 4500</leader>
  <controlfield tag="003">PE-LiUPU</controlfield>
  <controlfield tag="005">20250731165439.0</controlfield>
  <controlfield tag="008">160607s2016    pe a   grm    000 0 spa d</controlfield>
  <datafield tag="035" ind1=" " ind2=" ">
    <subfield code="a">(Sirsi) a157088</subfield>
  </datafield>
  <datafield tag="040" ind1=" " ind2=" ">
    <subfield code="a">PE-LiUPU</subfield>
    <subfield code="b">spa</subfield>
    <subfield code="c">PE-LiUPU</subfield>
    <subfield code="e">rda</subfield>
  </datafield>
  <datafield tag="099" ind1=" " ind2=" ">
    <subfield code="a">TE 3 P18 2016</subfield>
  </datafield>
  <datafield tag="100" ind1="1" ind2=" ">
    <subfield code="a">Paja Olvea, Norca,</subfield>
    <subfield code="e">autor</subfield>
  </datafield>
  <datafield tag="245" ind1="1" ind2=" ">
    <subfield code="a">"Ayuda mutua": una estrategia para la comprensi&#xF3;n de textos expositivos, en los estudiantes del colegio Comercio 32, Mariano Hilario Cornejo, Juliaca, 2014 /</subfield>
    <subfield code="c">Norca Paja Olvvea.</subfield>
  </datafield>
  <datafield tag="264" ind1=" " ind2="0">
    <subfield code="c">2016.</subfield>
  </datafield>
  <datafield tag="300" ind1=" " ind2=" ">
    <subfield code="a">109 hojas : </subfield>
    <subfield code="b">ilustraciones;</subfield>
    <subfield code="c">30 cm</subfield>
  </datafield>
  <datafield tag="336" ind1=" " ind2=" ">
    <subfield code="a">text</subfield>
    <subfield code="2">rdacontent</subfield>
  </datafield>
  <datafield tag="337" ind1=" " ind2=" ">
    <subfield code="a">unmediated</subfield>
    <subfield code="2">rdamedia</subfield>
  </datafield>
  <datafield tag="338" ind1=" " ind2=" ">
    <subfield code="a">volume</subfield>
    <subfield code="2">rdacarrier</subfield>
  </datafield>
  <datafield tag="502" ind1=" " ind2=" ">
    <subfield code="a">Tesis</subfield>
    <subfield code="b">(Mg.) -- </subfield>
    <subfield code="c">Universidad Peruana Uni&#xF3;n,</subfield>
    <subfield code="d">2016.</subfield>
  </datafield>
  <datafield tag="504" ind1=" " ind2=" ">
    <subfield code="a">Incluye bibliograf&#xED;a</subfield>
  </datafield>
  <datafield tag="520" ind1="3" ind2=" ">
    <subfield code="a">El estudio queda enmarcado en las exigencias del objetivo general: determinar si la estrategia "ayuda mutua" es eficaz para la comprensi&#xF3;n de textos expositivos en los estudiantes del tercer grado del nivel secundario del Colegio Comercio 32 Mariano Hilario Cornejo de la ciudad de Juliaca. La investigaci&#xF3;n es de tipo experimental y dise&#xF1;o cuasi experimental. Comprende el estudio de dos variables: variable independiente, estrategia "ayuda mutua". La variable dependiente: comprensi&#xF3;n de textos expositivos; cuya dimensi&#xF3;n de conocimientos comprende: nivel literal, nivel inferencial y nivel valorativo. La investigaci&#xF3;n se ha trabajado con una muestra compuesta por 22 estudiantes, con quienes adem&#xE1;s se ha desarrollado el programa, con la aplicaci&#xF3;n de la prueba de entrada y la prueba de salida. Dentro de los resultados se obtuvo que la media del promedio del nivel literal en la comprensi&#xF3;n de textos expositivos de la prueba de entrada fue de 11.5200 puntos, con una desviaci&#xF3;n t&#xED;pica de 6.2547 y en una segunda vez, despu&#xE9;s de haber terminado de aplicar la estrategia, fue de 17.8182 puntos, con una desviaci&#xF3;n t&#xED;pica de 3.85000. En la escala nominal e intervalo ordinal de valoraci&#xF3;n, la prueba de entrada se encuentra en "regular" y prueba de salida "muy bueno"; es decir, la estrategia "ayuda mutua" es eficaz para el nivel literal de la comprensi&#xF3;n de textos expositivos. La media del promedio del nivel inferencial en la comprensi&#xF3;n de textos expositivos de la prueba de entrada fue 7.9361 puntos, con una desviaci&#xF3;n t&#xED;pica de 3.31295; una segunda vez, despu&#xE9;s de aplicar la estrategia, fue 15.7995 puntos, con una desviaci&#xF3;n t&#xED;pica de 2.18446. Dentro de la escala nominal e intervalo ordinal de valoraci&#xF3;n, la prueba de entrada se encuentra en "deficiente", de salida en "bueno". La estrategia "ayuda mutua" es eficaz para la comprensi&#xF3;n en el nivel inferencial. La media del promedio del nivel valorativo en la comprensi&#xF3;n de textos expositivos de la prueba de entrada fue 4.8000 puntos, con una desviaci&#xF3;n t&#xED;pica de 5.85947; despu&#xE9;s de aplicar la estrategia, fue de 15.0000 puntos, con una desviaci&#xF3;n t&#xED;pica de 6.72593. En la escala nominal e intervalo ordinal de valoraci&#xF3;n, la prueba de entrada se encuentra en "muy deficiente" y prueba de salida "bueno"; por tanto, la estrategia "ayuda mutua" es eficaz para el nivel valorativo de la comprensi&#xF3;n de textos expositivos. En conclusi&#xF3;n, el estudio abordado muestra que la eficacia de la estrategia "ayuda mutua" para la comprensi&#xF3;n de textos expositivos; evidenci&#xE1;ndose dentro de los resultados en la prueba de entrada una media del promedio de 8.5200, con una desviaci&#xF3;n t&#xED;pica de 3.20312, siendo "deficiente" la escala de valoraci&#xF3;n; luego del tratamiento se obtuvo 16.23, con una desviaci&#xF3;n t&#xED;pica de 1.87545, es decir "bueno".</subfield>
  </datafield>
  <datafield tag="526" ind1=" " ind2=" ">
    <subfield code="a">SEG44</subfield>
  </datafield>
  <datafield tag="526" ind1=" " ind2=" ">
    <subfield code="a">SEG26</subfield>
  </datafield>
  <datafield tag="526" ind1=" " ind2=" ">
    <subfield code="a">P151</subfield>
  </datafield>
  <datafield tag="526" ind1=" " ind2=" ">
    <subfield code="a">P150</subfield>
  </datafield>
  <datafield tag="526" ind1=" " ind2=" ">
    <subfield code="a">P149</subfield>
  </datafield>
  <datafield tag="526" ind1=" " ind2=" ">
    <subfield code="a">P146</subfield>
  </datafield>
  <datafield tag="526" ind1=" " ind2=" ">
    <subfield code="a">P145</subfield>
  </datafield>
  <datafield tag="526" ind1=" " ind2=" ">
    <subfield code="a">P126</subfield>
  </datafield>
  <datafield tag="526" ind1=" " ind2=" ">
    <subfield code="a">P125</subfield>
  </datafield>
  <datafield tag="526" ind1=" " ind2=" ">
    <subfield code="a">P92</subfield>
  </datafield>
  <datafield tag="526" ind1=" " ind2=" ">
    <subfield code="a">P75</subfield>
  </datafield>
  <datafield tag="526" ind1=" " ind2=" ">
    <subfield code="a">P74</subfield>
  </datafield>
  <datafield tag="526" ind1=" " ind2=" ">
    <subfield code="a">P27</subfield>
  </datafield>
  <datafield tag="526" ind1=" " ind2=" ">
    <subfield code="a">P15</subfield>
  </datafield>
  <datafield tag="650" ind1="1" ind2="4">
    <subfield code="a">Comprensi&#xF3;n de lectura</subfield>
    <subfield code="x">Estrategias de aprendizaje.</subfield>
  </datafield>
  <datafield tag="650" ind1="2" ind2="4">
    <subfield code="a">Educaci&#xF3;n secundaria</subfield>
    <subfield code="x">Comprensi&#xF3;n de lectura.</subfield>
  </datafield>
  <datafield tag="596" ind1=" " ind2=" ">
    <subfield code="a">1</subfield>
  </datafield>
  <datafield tag="942" ind1=" " ind2=" ">
    <subfield code="2">ddc</subfield>
    <subfield code="c">TESIS</subfield>
  </datafield>
  <datafield tag="999" ind1=" " ind2=" ">
    <subfield code="a">TE 3 P18 2016</subfield>
    <subfield code="w">ALPHANUM</subfield>
    <subfield code="c">9756</subfield>
    <subfield code="i">T01984</subfield>
    <subfield code="l">CCODEBUL3</subfield>
    <subfield code="m">BUL</subfield>
    <subfield code="r">1</subfield>
    <subfield code="s">Y</subfield>
    <subfield code="t">TESIS</subfield>
    <subfield code="u">2016-6-7</subfield>
    <subfield code="x">POSGRADO</subfield>
    <subfield code="P">P57</subfield>
    <subfield code="o">.STAFF. Tesis</subfield>
    <subfield code="d">9756</subfield>
  </datafield>
  <datafield tag="980" ind1=" " ind2=" ">
    <subfield code="8">1</subfield>
    <subfield code="g">ALBERTO SANCHEZ Responsable de Automatizaci&#xF3;n</subfield>
  </datafield>
  <datafield tag="952" ind1=" " ind2=" ">
    <subfield code="r">2022-07-06 00:00:00</subfield>
    <subfield code="l">0</subfield>
    <subfield code="o">TE 3 P18 2016</subfield>
    <subfield code="p">T01984</subfield>
    <subfield code="t">e1</subfield>
    <subfield code="w">2016-06-07</subfield>
    <subfield code="x">PG</subfield>
    <subfield code="y">TESIS</subfield>
    <subfield code="z">Este &#xCD;tem NO se presta por ser Ejemplar #1.</subfield>
    <subfield code="1">0</subfield>
    <subfield code="2">ddc</subfield>
    <subfield code="7">1</subfield>
    <subfield code="8">TESIS</subfield>
    <subfield code="f">P57</subfield>
    <subfield code="a">BUL</subfield>
    <subfield code="b">BUL</subfield>
    <subfield code="c">TESIS</subfield>
    <subfield code="d">2016-06-07</subfield>
  </datafield>
</record>
